<?xml version="1.0" encoding="UTF-8"?>
<record
    xmlns:xsi="http://www.w3.org/2001/XMLSchema-instance"
    xsi:schemaLocation="http://www.loc.gov/MARC21/slim http://www.loc.gov/standards/marcxml/schema/MARC21slim.xsd"
    xmlns="http://www.loc.gov/MARC21/slim">

  <leader>02102cam a2200313 a 4500</leader>
  <controlfield tag="001">16922562</controlfield>
  <controlfield tag="005">20170418110929.0</controlfield>
  <controlfield tag="008">110815t2012    xxua   frb    001 0 eng d</controlfield>
  <datafield tag="010" ind1=" " ind2=" ">
    <subfield code="a">2011034430</subfield>
  </datafield>
  <datafield tag="020" ind1=" " ind2=" ">
    <subfield code="a">9780323074612 (pbk. : alk. paper)</subfield>
  </datafield>
  <datafield tag="040" ind1=" " ind2=" ">
    <subfield code="a">DNLM/DLC</subfield>
    <subfield code="c">DLC</subfield>
    <subfield code="d">DLC</subfield>
    <subfield code="d">EG-ScBUE</subfield>
  </datafield>
  <datafield tag="082" ind1="0" ind2="0">
    <subfield code="a">616.028</subfield>
    <subfield code="2">22</subfield>
    <subfield code="b">URD</subfield>
  </datafield>
  <datafield tag="100" ind1="1" ind2=" ">
    <subfield code="9">36322</subfield>
    <subfield code="a">Urden, Linda Diann</subfield>
  </datafield>
  <datafield tag="245" ind1="0" ind2="0">
    <subfield code="a">Priorities in critical care nursing /</subfield>
    <subfield code="c">Linda D. Urden, Kathleen M. Stacy, Mary E. Lough.</subfield>
  </datafield>
  <datafield tag="250" ind1=" " ind2=" ">
    <subfield code="a">6th ed.</subfield>
  </datafield>
  <datafield tag="260" ind1=" " ind2=" ">
    <subfield code="a">St. Louis, United States :</subfield>
    <subfield code="b">Elsevier / Mosby,</subfield>
    <subfield code="c">c.2012.</subfield>
  </datafield>
  <datafield tag="300" ind1=" " ind2=" ">
    <subfield code="a">[Various pagings] :</subfield>
    <subfield code="b">ill. (col.) ;</subfield>
    <subfield code="c">28 cm.</subfield>
  </datafield>
  <datafield tag="500" ind1=" " ind2=" ">
    <subfield code="a">Includes appendixes.</subfield>
  </datafield>
  <datafield tag="500" ind1=" " ind2=" ">
    <subfield code="a">Includes index.</subfield>
  </datafield>
  <datafield tag="504" ind1=" " ind2=" ">
    <subfield code="a">Includes bibliographical references.</subfield>
  </datafield>
  <datafield tag="505" ind1="0" ind2=" ">
    <subfield code="a">Caring for the critically ill patient-Ethical and legal issues-Patient and family education-Psychosocial alterations-Sleep alterations-Nutritional alterations-Gerontological alterations-Pain and pain management-Sedation, delirium, and alcohol withdrawal syndrome : assessment and management-End-of-life care-Cardiovascular clinical assessment and diagnostic procedures-Cardiovascular disorders-Cardiovascular therapeutic management-Pulmonary clinical assessment and diagnostic procedures-Pulmonary disorders-Pulmonary therapeutic management-Neurological clinical assessment and diagnostic procedures-Neurological disorders and therapeutic management -Renal clinical assessment and diagnostic procedures-Renal disorders and therapeutic management-Gastrointestinal clinical assessment and diagnostic procedures-Gastrointestinal disorders and therapeutic management-Endocrine clinical assessment and diagnostic procedures-Endocrine disorders and therapeutic management-Trauma-Shock, sepsis, and multiple organ dysfunction syndrome-Hematological disorders and oncological emergencies.</subfield>
  </datafield>
  <datafield tag="650" ind1="1" ind2="2">
    <subfield code="a">Critical Care</subfield>
    <subfield code="9">20321</subfield>
  </datafield>
  <datafield tag="653" ind1=" " ind2=" ">
    <subfield code="b">NNUR</subfield>
    <subfield code="c">October2014</subfield>
    <subfield code="c">February2015</subfield>
  </datafield>
  <datafield tag="655" ind1=" " ind2=" ">
    <subfield code="v">reading book</subfield>
    <subfield code="9">34232</subfield>
  </datafield>
  <datafield tag="650" ind1="1" ind2="2">
    <subfield code="9">4472</subfield>
    <subfield code="a">Nursing care</subfield>
  </datafield>
  <datafield tag="700" ind1="1" ind2=" ">
    <subfield code="a">Stacy, Kathleen M.</subfield>
    <subfield code="9">36323</subfield>
  </datafield>
  <datafield tag="700" ind1="1" ind2=" ">
    <subfield code="a">Lough, Mary E.</subfield>
    <subfield code="9">36324</subfield>
  </datafield>
  <datafield tag="942" ind1=" " ind2=" ">
    <subfield code="2">ddc</subfield>
    <subfield code="k">616.028 URD</subfield>
  </datafield>
  <datafield tag="999" ind1=" " ind2=" ">
    <subfield code="c">18497</subfield>
    <subfield code="d">18469</subfield>
  </datafield>
  <datafield tag="952" ind1=" " ind2=" ">
    <subfield code="0">0</subfield>
    <subfield code="1">0</subfield>
    <subfield code="2">ddc</subfield>
    <subfield code="4">0</subfield>
    <subfield code="7">0</subfield>
    <subfield code="8">Baccah</subfield>
    <subfield code="a">MAIN</subfield>
    <subfield code="b">MAIN</subfield>
    <subfield code="c">1ST</subfield>
    <subfield code="d">2014-10-23</subfield>
    <subfield code="e">purchase</subfield>
    <subfield code="g">625.00</subfield>
    <subfield code="h">20526</subfield>
    <subfield code="l">4</subfield>
    <subfield code="m">28</subfield>
    <subfield code="o">616.028 URD</subfield>
    <subfield code="p">000036781</subfield>
    <subfield code="r">2025-07-15 00:00:00</subfield>
    <subfield code="s">2020-02-12</subfield>
    <subfield code="v">781.25</subfield>
    <subfield code="y">BB</subfield>
  </datafield>
  <datafield tag="952" ind1=" " ind2=" ">
    <subfield code="0">0</subfield>
    <subfield code="1">0</subfield>
    <subfield code="2">ddc</subfield>
    <subfield code="4">0</subfield>
    <subfield code="7">0</subfield>
    <subfield code="8">Baccah</subfield>
    <subfield code="a">MAIN</subfield>
    <subfield code="b">MAIN</subfield>
    <subfield code="c">1ST</subfield>
    <subfield code="d">2015-02-19</subfield>
    <subfield code="e">purchase</subfield>
    <subfield code="g">625.00</subfield>
    <subfield code="h">21961</subfield>
    <subfield code="l">3</subfield>
    <subfield code="m">4</subfield>
    <subfield code="o">616.028 URD</subfield>
    <subfield code="p">000037480</subfield>
    <subfield code="r">2025-07-15 00:00:00</subfield>
    <subfield code="s">2019-02-20</subfield>
    <subfield code="v">781.25</subfield>
    <subfield code="y">BB</subfield>
  </datafield>
  <datafield tag="952" ind1=" " ind2=" ">
    <subfield code="0">0</subfield>
    <subfield code="1">0</subfield>
    <subfield code="2">ddc</subfield>
    <subfield code="4">0</subfield>
    <subfield code="7">0</subfield>
    <subfield code="8">Baccah</subfield>
    <subfield code="a">MAIN</subfield>
    <subfield code="b">MAIN</subfield>
    <subfield code="c">1ST</subfield>
    <subfield code="d">2015-02-19</subfield>
    <subfield code="e">purchase</subfield>
    <subfield code="g">625.00</subfield>
    <subfield code="h">21961</subfield>
    <subfield code="l">5</subfield>
    <subfield code="m">45</subfield>
    <subfield code="o">616.028 URD</subfield>
    <subfield code="p">000037481</subfield>
    <subfield code="r">2025-07-15 00:00:00</subfield>
    <subfield code="s">2024-01-04</subfield>
    <subfield code="v">781.25</subfield>
    <subfield code="y">BB</subfield>
  </datafield>
</record>
